Marketing Key To Business Success Today An Excellent Job (Record no. 303736)

MARC details
000 -LEADER
fixed length control field 00438nam a2200157Ia 4500
008 - FIXED-LENGTH DATA ELEMENTS--GENERAL INFORMATION
fixed length control field 230718s9999 xx 000 0 und d
041 ## - LANGUAGE CODE
Language code of text/sound track or separate title eng
082 ## - DEWEY DECIMAL CLASSIFICATION NUMBER
Classification number 650.1
Item number PAR
100 ## - MAIN ENTRY--PERSONAL NAME
Personal name Parkinson C.N.
9 (RLIN) 106614
245 ## - TITLE STATEMENT
Title Marketing Key To Business Success Today An Excellent Job
260 ## - PUBLICATION, DISTRIBUTION, ETC. (IMPRINT)
Date of publication, distribution, etc. 2001
Name of publisher, distributor, etc. Vision Book
300 ## - PHYSICAL DESCRIPTION
Extent 175
365 ## - TRADE PRICE
Currency code Rs.
Price amount 145.00
700 ## - ADDED ENTRY--PERSONAL NAME
Personal name Parkinson C.N. & Others
9 (RLIN) 187635
906 ## - LOCAL DATA ELEMENT F, LDF (RLIN)
d B:471313-Jun-2002
c OTH
Holdings
Withdrawn status Lost status Damaged status Not for loan Home library Current library Date acquired Vendor Budget Code Cost, normal purchase price Bill number Total Checkouts Full call number Barcode Date last seen Cost, replacement price Bill Date Koha item type Original Barcode
        Cummins College of Engineering for Women Pune Cummins College of Engineering for Women Pune 28/06/2002 Technical Book Services OTH 145.00 4713   650.1 CCEP-BK-14943 18/07/2023 145.00 13/06/2002 Books 014943